| 000 | 00785nam#a22002535a#4500 | ||
|---|---|---|---|
| 001 | 1361 | ||
| 008 | 100727s2009####ag#####g#d####000#0#spa#d | ||
| 245 | 1 | 0 |
_aDiccionario bilingüe : _bportugués-español español-portugués / _cdirigido por Carlos Alberto Campos Salvá. |
| 250 | _a1ª ed. | ||
| 260 |
_aBuenos Aires : _bArte Gráfico Editorial Argentino, _c2009. |
||
| 300 |
_a253 p. ; _c23 cm. |
||
| 490 | 0 | _aBiblioteca Activa Visor | |
| 020 | _a9789875227477 | ||
| 100 | 1 |
_aCampos Salvá, Carlos Alberto, _edirector. _4drt |
|
| 080 | _a(038)=134.3=134.2 | ||
| 084 | _aC22 S18 | ||
| 653 | _aDiccionarios bilingüe | ||
| 653 | _aPortugués [idioma] | ||
| 653 | _aEspañol [idioma] | ||
| 040 |
_aAR-ClEAG _cAR-ClEAG |
||
| 005 | 20241107184706.0 | ||
| 003 | AR-ClEAG | ||
| 942 | _cBK | ||
| 999 |
_c1361 _d1361 |
||
| 980 |
_62 _aEvangelina Gallicchio _82 _gEvangelina Gallicchio |
||